|
|
|
|
| LEADER |
00000ngm a22000007i 4500 |
| 001 |
IT\ICCU\UBO\3396082 |
| 003 |
ItRI |
| 005 |
20260124182912.0 |
| 008 |
080318s1995 xxu|||||||||||||||k|||||c |
| 020 |
|
|
|a 0788804111
|
| 040 |
|
|
|b ita
|
| 041 |
|
7 |
|a eng
|2 ISO-639-2
|
| 130 |
0 |
|
|a Lie down with dogs <film ; 1995>
|3 IT\ICCU\UBO\3396090
|
| 245 |
0 |
0 |
|a Lie down with dogs /
|c a film by Wally White. - Burbank, Ca. : Miramax home entertainment, [1995?]. - 1 videocassetta (VHS) (84 min.) : color., son. - Tit. del contenitore. - Interpreti: Randy Becker, Bash Halow, Darren Dryden, James Sexton, Wally White. - Film del 1995, prod. USA.
|
| 700 |
1 |
|
|a White, Wally
|0 IT\ICCU\UBOV\228474
|
| 700 |
1 |
|
|a Becker, Randy
|0 IT\ICCU\UBOV\228475
|
| 700 |
1 |
|
|a Halow, Bash
|0 IT\ICCU\UBOV\228476
|
| 700 |
1 |
|
|a Dryden, Darren
|0 IT\ICCU\UBOV\228477
|
| 700 |
1 |
|
|a Sexton, James
|c (attore)
|0 IT\ICCU\UBOV\228478
|
| 942 |
|
|
|2 ddc
|c VM
|n 0
|
| 952 |
|
|
|0 0
|1 0
|4 0
|6 VO_1007_000000000000000
|7 0
|9 27802
|a BO
|b BO
|d 2026-01-24
|i 8229
|l 0
|o VO 1007
|p BO8229
|r 2026-01-24 18:29:12
|w 2026-01-24
|x [Sebina 5] [1 videocassetta]
|y VM
|z 1 videocassetta
|
| 999 |
|
|
|c 23566
|d 23566
|